| 000 | 00962cab a2200265 4500 | ||
|---|---|---|---|
| 001 | ABS56938 | ||
| 008 | 090401t1997 xxu||||| |||| 00| 0 eng d | ||
| 035 | _a(Sirsi) u78266 | ||
| 041 | _aeng | ||
| 100 | _aBroome, J. | ||
| 245 | _aBest practice with the New Engineering Contract | ||
| 260 | _c1997 | ||
| 350 | _a0 | ||
| 490 |
_aProceedings of the Institution of Civil Engineers _v120(2) May 1997, 74-81(8) |
||
| 520 | _aPresents results of research carried out by the University of Birmingham into the use of the New Engineering Contract. Discusses desirable changes in the contract process and summarises the benefits that use of the NEC has produced. References. | ||
| 650 | _aCONTRACTORS | ||
| 650 | _aCOST DATA | ||
| 650 | _aECC | ||
| 650 | _aENGINEERING AND CONSTRUCTION CONTRACT | ||
| 650 | _aNEW ENGINEERING CONTRACT | ||
| 650 | _aTENDERING | ||
| 690 | _aBUILT ENVIRONMENT-BUILDING CONTRACT FORMS | ||
| 942 | _n0 | ||
| 948 | _c09/05/1997 | ||
| 999 |
_c49260 _d49260 |
||